| Tag |
First Indicator |
Second Indicator |
Subfields |
| LEADER |
00000cam a2200000 a 4500 |
| 001 |
in00002139581 |
| 006 |
m e d # |
| 007 |
cr mn mmmmabba |
| 008 |
820309s1768 mau s 000 0 eng d |
| 005 |
20260331161411.2 |
| 035 |
|
|
|z w037950
|
| 035 |
|
|
|a MAAR8203094415B
|
| 035 |
|
|
|9 mwa91-28214
|
| 035 |
|
|
|a 317314
|
| 035 |
|
|
|a aas03037950
|
| 040 |
|
|
|a MWA
|c MWA
|e bdrb
|d UtOrBLW
|
| 245 |
0 |
0 |
|a Directions for sailing in and out of Plymouth Harbour :
|b taken by Moses Bennet, William Rhodes, Thomas Allen, and Nathaniel Green, being a committee of the Marine Society of Boston, appointed for this survey, by the desire of a committee of the General Court of the Massachusetts-Bay, appointed to build a light-house on the Gurnet, near Plymouth-Harbour, in said province, in July 1768.
|
| 264 |
|
1 |
|a [Boston] :
|b [publisher not identified],
|c [1768]
|
| 300 |
|
|
|a 1 sheet (1 unnumbered page) ;
|c 34 x 20 cm.
|
| 336 |
|
|
|a text
|b txt
|2 rdacontent
|
| 337 |
|
|
|a computer
|b c
|2 rdamedia
|
| 338 |
|
|
|a online resource
|b cr
|2 rdacarrier
|
| 500 |
|
|
|a Text in two columns; printed area measures 31.0 x 13.9 cm.
|
| 510 |
4 |
|
|a Evans
|c 10882
|
| 510 |
4 |
|
|a Ford, W.C. Broadsides,
|c 1435
|
| 530 |
|
|
|a Microform version available in the Readex Early American Imprints series.
|
| 533 |
|
|
|a Electronic text and image data.
|b [Chester, Vt. :
|c Readex, a division of Newsbank, Inc.,
|d 2002-2004.
|e Includes files in TIFF, GIF and PDF formats with inclusion of keyword searchable text.
|f (Early American imprints. First series ; no. 10882).
|
| 500 |
|
|
|a Electronic resource.
|
| 650 |
|
0 |
|a Pilot guides
|z Massachusetts
|z Plymouth.
|
| 650 |
|
0 |
|a Lighthouses
|z Massachusetts
|z Gurnet Point.
|
| 650 |
|
0 |
|a Harbors
|z Massachusetts
|z Plymouth.
|
| 651 |
|
0 |
|a Gurnet Point (Mass.)
|
| 655 |
|
7 |
|a Broadsides.
|2 rbgenr
|
| 700 |
1 |
|
|a Bennet, Moses.
|
| 710 |
1 |
|
|a Massachusetts.
|b General Court.
|
| 710 |
2 |
|
|a Marine Society (Boston, Mass.)
|
| 752 |
|
|
|a United States
|b Massachusetts
|d Boston.
|
| 830 |
|
0 |
|a Early American imprints.
|n Series I,
|p Evans (1639-1800) ;
|v no. 10882.
|
| 856 |
4 |
1 |
|u http://proxy.library.tamu.edu/login?url=https://opac.newsbank.com/select/evans/10882
|y Evans Digital Edition
|t 0
|
| 999 |
|
|
|a MARS
|
| 999 |
f |
f |
|s 1c5bd872-9f67-3752-ac48-86f7e8850975
|i d2163274-26e0-3149-bc87-2e3190456e29
|t 0
|
| 952 |
f |
f |
|a Texas A&M University
|b College Station
|c Electronic Resources
|s www_evans
|d Available Online
|t 0
|h No information provided
|
| 998 |
f |
f |
|t 0
|l Available Online
|